Below Deck Cast Season 4 - Statistics

General Stats
  • This quiz has been taken 10 times
  • The average score is 7 of 10
Answer Stats
Rank Crew Member % Correct
Chef Ben Robinson
100%
Captain Harold "Lee" Rosbach
100%
Chief Stew Kate Chastain
100%
Bosun Kelley Johnson
80%
Second Stew Emily Warburton-Adams
60%
Third Stew Sierra Storm
60%
Senior Deckhand (Ep 1-2) & Deckhand (Ep 3-4) Trevor Walker
60%
Deckhand (Ep 5-14) Kyle Dixon
50%
Deckhand (Ep 1-12) & Senior Deckhand (Ep 12-14) Nico Schools
50%
Deckhand Lauren Burchell
30%
No matching quizzes found
Score Distribution
Percent of People with Each Score
Percentile by Number Answered
Your Score History
You have not taken this quiz